书目信息 |
| 题名: |
中等职业技术教育
|
|
| 作者: | ;人民教育出版社 编 | |
| 分册: | ||
| 出版信息: | 北京 人民教育出版社 1979 |
|
| 页数: | 178页 | |
| 开本: | 19cm | |
| 丛书名: | 外国教育丛书 | |
| 单 册: | ||
| 中图分类: | G719.1 | |
| 科图分类: | ||
| 主题词: | 职业教育:技术教育--外国 , 技术教育:职业教育--外国 | |
| 电子资源: | ||
| ISBN: | ||
| 000 | 00744nam2 2200253 45 | |
| 001 | 0179005085 | |
| 005 | 20060722111414.57 | |
| 010 | @dCNY0.40 | |
| 091 | @aCN@b7012.033 | |
| 100 | @a19950716d1979 emky0chiy0121 ea | |
| 101 | 0 | @achi |
| 102 | @aCN@b110000 | |
| 105 | @ay z 000yy | |
| 200 | 10 | @a中等职业技术教育@Azhong deng zhi ye ji shu jiao yu@f人民教育出版社《外国教育丛书》编辑组编 |
| 210 | @a北京@c人民教育出版社@d1979 | |
| 215 | @a178页@d19cm | |
| 225 | 2 | @a外国教育丛书 |
| 410 | 0 | @120010@a外国教育丛书 |
| 606 | @a职业教育:技术教育@y外国 | |
| 606 | @a技术教育:职业教育@y外国 | |
| 690 | @aG719.1@v3 | |
| 711 | 02 | @a人民教育出版社@Aren min jiao yu chu ban she@4编 |
| 801 | 0 | @aCN@bTSSF@c20060722 |
| 905 | @a10447@dG719.1@e12 | |
| 中等职业技术教育/人民教育出版社《外国教育丛书》编辑组编.-北京:人民教育出版社,1979 |
| 178页;19cm.-(外国教育丛书) |
| ISBN :CNY0.40 |
| ● |
| 相关链接 |
|
|
|
|
正题名:中等职业技术教育
索取号:G719.1/12
 
预约/预借
| 序号 | 登录号 | 条形码 | 馆藏地/架位号 | 状态 | 备注 |
| 1 | 0424710 | 204247109 | 密集书库/ [索取号:G719.1/12] | 在馆 | |
| 2 | 0425622 | 204256223 | 密集书库/ [索取号:G719.1/12] | 在馆 | |
| 3 | 0425623 | 204256232 | 密集书库/ [索取号:G719.1/12] | 在馆 | |
| 4 | 0425624 | 204256241 | 密集书库/ [索取号:G719.1/12] | 在馆 | |
| 5 | 0425625 | 204256250 | 密集书库/ [索取号:G719.1/12] | 在馆 |